|
|
|
|
| LEADER |
00000naa2a2200000 4500 |
| 001 |
635092 |
| 005 |
20251224133327.0 |
| 035 |
|
|
|a (RuTPU)RU\TPU\conf\36938
|
| 035 |
|
|
|a RU\TPU\conf\36936
|
| 090 |
|
|
|a 635092
|
| 100 |
|
|
|a 20221117d2022 k y0rusy50 ca
|
| 101 |
0 |
|
|a rus
|
| 102 |
|
|
|a RU
|
| 105 |
|
|
|a y z 100zy
|
| 135 |
|
|
|a drcn ---uucaa
|
| 181 |
|
0 |
|a i
|
| 182 |
|
0 |
|a b
|
| 200 |
1 |
|
|a Магнезиальносиликатные пигменты на основе фторированного талька
|f А. В. Меженин
|g науч. рук. В. И. Верещагин
|
| 203 |
|
|
|a Текст
|c электронный
|
| 225 |
1 |
|
|a Комплексное использование минерального сырья
|
| 300 |
|
|
|a Заглавие с экрана
|
| 320 |
|
|
|a [Библиогр.: с. 183 (3 назв.)]
|
| 461 |
|
1 |
|0 (RuTPU)RU\TPU\conf\36761
|t Проблемы геологии и освоения недр
|l Problems of Geology and Subsurface Development
|o труды XXVI Международного симпозиума имени академика М. А. Усова студентов и молодых учёных, посвященный 90-летию со дня рождения Н. М. Рассказова, 120-летию со дня рождения Л. Л. Халфина, 50-летию научных молодежных конференций имени академика М. А. Усова, Томск, 4-8 апреля 2022 г.
|o в 2 т.
|f Национальный исследовательский Томский политехнический университет, Инженерная школа природных ресурсов ; гл. ред. А. С. Боев ; под ред. Е. Ю. Пасечник
|d 2022
|
| 463 |
|
1 |
|0 (RuTPU)RU\TPU\conf\36763
|t Т. 2
|v [С. 182-183]
|d 2022
|
| 610 |
1 |
|
|a труды учёных ТПУ
|
| 610 |
1 |
|
|a электронный ресурс
|
| 610 |
1 |
|
|a пигменты
|
| 610 |
1 |
|
|a тальк
|
| 610 |
1 |
|
|a керамические пигменты
|
| 610 |
1 |
|
|a краски
|
| 610 |
1 |
|
|a минеральное сырье
|
| 610 |
1 |
|
|a окрашивание
|
| 610 |
1 |
|
|a цветовые характеристики
|
| 610 |
1 |
|
|a синтез
|
| 700 |
|
1 |
|a Меженин
|b А. В.
|c химик-технолог
|c инженер Томского политехнического университета
|f 2001-
|g Александр Владимирович
|y Томск
|7 ca
|8 rus
|9 88972
|
| 702 |
|
1 |
|a Верещагин
|b В. И.
|c химик-технолог
|c профессор Томского политехнического университета, доктор технических наук
|f 1942-
|g Владимир Иванович
|4 727
|9 7712
|
| 712 |
0 |
2 |
|a Национальный исследовательский Томский политехнический университет
|b Инженерная школа новых производственных технологий
|b Научно-образовательный центр Н. М. Кижнера
|3 (RuTPU)RU\TPU\col\23556
|
| 801 |
|
2 |
|a RU
|b 63413507
|c 20221205
|g RCR
|
| 856 |
4 |
|
|u http://earchive.tpu.ru/handle/11683/74036
|
| 942 |
|
|
|c BK
|